[Event "Novokuznetsk-ch"]
[Site "Novokuznetsk"]
[Date "2009.05.05"]
[Round "9"]
[White "Susliakov, Dmitriy"]
[Black "Lomantsov, Evgenij"]
[Result "0-1"]
[WhiteElo "2219"]
[BlackElo "2323"]
[PlyCount "90"]
[EventDate "2009.04.29"]
[EventType "tourn"]
[EventRounds "11"]
[EventCountry "RUS"]
[EventCategory "3"]
[SourceTitle "EXT 2012"]
[Source "ChessBase"]
[SourceDate "2011.11.24"]
[SourceVersion "1"]
[SourceVersionDate "2011.11.24"]
[SourceQuality "1"]

1. e4 c5 2. Nf3 Nc6 3. d4 cxd4 4. Nxd4 e5 5. Nb5 Nf6 6. N1c3 d6 7. Bg5 a6 8. Na3 b5 9. Nd5 Be7 10. Bxf6 Bxf6 11. c4 0-0 12. cxb5 Nd4 13. bxa6 Bg5 14. Nc2 Be6 15. Nxd4 Bxd5 16. Bd3 Qa5+ 17. Kf1 Be6 18. Nf5 Rfb8 19. h4 Bf6 20. b3 Bxf5 21. exf5 e4 22. Bxe4 Rxa6 23. Rc1 Qxa2 24. Rh3 Qb2 25. Qc2 Ra2 26. Qxb2 Rxb2 27. Bd5 Bd4 28. Rf3 Bc5 29. g4 Re8 30. g5 Kf8 31. f6 gxf6 32. Rxf6 Re7 33. Ra1 Kg7 34. Ra4 h6 35. Raf4 hxg5 36. hxg5 Re5 37. Rxf7+ Kg8 38. Bc4 Rb1+ 39. Kg2 Rxg5+ 40. Kf3 d5 41. Bd3 Rb2 42. Bh7+ Kh8 43. Bc2 Rxc2 44. Rh4+ Kg8 45. Kf4 Kxf7 0-1

[Event "Novokuznetsk-ch"]
[Site "Novokuznetsk"]
[Date "2009.05.01"]
[Round "5"]
[White "Vladimirov, Mikhail"]
[Black "Susliakov, Dmitriy"]
[Result "1/2-1/2"]
[WhiteElo "2171"]
[BlackElo "2219"]
[PlyCount "22"]
[EventDate "2009.04.29"]
[EventType "tourn"]
[EventRounds "11"]
[EventCountry "RUS"]
[EventCategory "3"]
[SourceTitle "EXT 2012"]
[Source "ChessBase"]
[SourceDate "2011.11.24"]
[SourceVersion "1"]
[SourceVersionDate "2011.11.24"]
[SourceQuality "1"]

1. d4 Nf6 2. c4 c5 3. d5 e6 4. Nc3 exd5 5. cxd5 d6 6. Nf3 g6 7. e4 Bg7 8. Bd3 0-0 9. h3 b5 10. Bxb5 Nxe4 11. Nxe4 Qa5+ 1/2-1/2

[Event "RUS-ch U18"]
[Site "Dagomys"]
[Date "2009.04.21"]
[Round "7"]
[White "Shishigin, Dmitry"]
[Black "Susliakov, Dmitriy"]
[Result "1/2-1/2"]
[WhiteElo "2151"]
[BlackElo "2227"]
[PlyCount "142"]
[EventDate "2009.04.15"]
[EventType "swiss"]
[EventRounds "9"]
[EventCountry "RUS"]
[SourceTitle "CBM 130 Extra"]
[Source "ChessBase"]
[SourceDate "2009.07.02"]
[SourceVersion "2"]
[SourceVersionDate "2009.07.15"]
[SourceQuality "1"]

1. e4 c5 2. f4 Nc6 3. Nf3 g6 4. Nc3 Bg7 5. Bc4 e6 6. 0-0 Nge7 7. e5 d6 8. exd6 Nf5 9. Bb5 Qxd6 10. Ne4 Qc7 11. d3 0-0 12. Bxc6 Qxc6 13. Ne5 Qd5 14. g4 Nd6 15. Qe1 Nxe4 16. dxe4 Qd4+ 17. Be3 Qxb2 18. Bxc5 Re8 19. Qf2 b6 20. Bd4 Qb4 21. c3 Qa4 22. Rab1 Ba6 23. Rb4 Qa3 24. Re1 f6 25. Nc4 Bxc4 26. Rxc4 e5 27. Be3 Rac8 28. Qe2 Qa6 29. Rxc8 Qxc8 30. c4 Bf8 31. fxe5 Rxe5 32. Bd4 Bc5 33. Bxc5 Qxc5+ 34. Kh1 Qd4 35. Qf3 Kg7 36. Qe2 Rc5 37. Rd1 Qxc4 38. Rd7+ Kf8 39. Qxc4 Rxc4 40. Rxa7 Rxe4 41. Rxh7 Rxg4 42. Rb7 Rb4 43. Kg2 g5 44. a3 Rb3 45. a4 Rb4 46. Ra7 Re4 47. Rb7 Rxa4 48. Rxb6 Kf7 49. Rb8 Kg6 50. h3 Kf5 51. Kg3 Ra3+ 52. Kg2 Re3 53. Rb5+ Kf4 54. Rb2 f5 55. Ra2 Rd3 56. Rf2+ Ke4 57. Re2+ Re3 58. Ra2 f4 59. Ra4+ Kf5 60. Ra5+ Re5 61. Ra2 Kg6 62. Ra8 Re2+ 63. Kf3 Re3+ 64. Kg2 Re7 65. Kf3 Rh7 66. Kg2 Kh5 67. Rb8 Kh4 68. Rf8 Rh6 69. Kh2 Kh5 70. Kg2 Rd6 71. Rh8+ Kg6 1/2-1/2

[Event "Novokuznetsk op"]
[Site "Novokuznetsk"]
[Date "2008.12.14"]
[Round "9"]
[White "Susliakov, Dmitriy"]
[Black "Veselyy, Andrey"]
[Result "1-0"]
[WhiteElo "2225"]
[BlackElo "2118"]
[PlyCount "49"]
[EventDate "2008.11.22"]
[EventType "swiss"]
[EventRounds "9"]
[EventCountry "RUS"]
[SourceTitle "CBM 127 Extra"]
[Source "ChessBase"]
[SourceDate "2009.01.08"]
[SourceVersion "2"]
[SourceVersionDate "2009.01.28"]
[SourceQuality "1"]

1. e4 e5 2. Nf3 Nf6 3. d4 Nxe4 4. Bd3 d5 5. Nxe5 Nd7 6. 0-0 Nxe5 7. dxe5 Bf5 8. Be3 Bg6 9. c4 d4 10. Bxe4 dxe3 11. Qa4+ c6 12. Bxc6+ bxc6 13. Qxc6+ Ke7 14. Nc3 Qc8 15. Nd5+ Kd8 16. Nc7 exf2+ 17. Kh1 Bb4 18. c5 Qxc7 19. Qxa8+ Qc8 20. Rad1+ Ke7 21. Qxa7+ Kf8 22. Rxf2 Bxc5 23. Rc1 Bxa7 24. Rxc8+ Ke7 25. Rc7+ 1-0

[Event "Novokuznetsk op"]
[Site "Novokuznetsk"]
[Date "2008.12.07"]
[Round "7"]
[White "Susliakov, Dmitriy"]
[Black "Shukan, Alexander"]
[Result "1/2-1/2"]
[WhiteElo "2225"]
[BlackElo "2178"]
[PlyCount "97"]
[EventDate "2008.11.22"]
[EventType "swiss"]
[EventRounds "9"]
[EventCountry "RUS"]
[SourceTitle "CBM 127 Extra"]
[Source "ChessBase"]
[SourceDate "2009.01.08"]
[SourceVersion "2"]
[SourceVersionDate "2009.01.28"]
[SourceQuality "1"]

1. e4 e6 2. d4 d5 3. Nc3 dxe4 4. Nxe4 Bd7 5. Nf3 Bc6 6. Bd3 Nd7 7. Qe2 Ngf6 8. Nxf6+ Nxf6 9. 0-0 Be7 10. c3 Bxf3 11. Qxf3 Qd5 12. Qe2 0-0 13. Bf4 c5 14. Be5 cxd4 15. Bxd4 Rfd8 16. Rfd1 Qh5 17. Qxh5 Nxh5 18. Be4 Nf4 19. Bxb7 Rab8 20. Bf3 Rxb2 21. Bxa7 Rxd1+ 22. Bxd1 Bf6 23. a4 g5 24. Bd4 e5 25. Be3 Nd5 26. Bc5 Bd8 27. Bd6 f6 28. c4 Nc3 29. c5 Kf7 30. c6 Nxd1 31. Rxd1 Rc2 32. Ba3 Bb6 33. Rc1 Bxf2+ 34. Kf1 Rxc1+ 35. Bxc1 Bb6 36. Bd2 Ke6 37. a5 Ba7 38. Bb4 h5 39. Ke2 e4 40. a6 f5 41. Kd2 f4 42. Kc3 g4 43. Kc4 f3 44. gxf3 gxf3 45. Bc5 f2 46. Bxf2 Bxf2 47. c7 Kd7 48. Kd5 Kxc7 49. Kxe4 1/2-1/2

[Event "Novokuznetsk op"]
[Site "Novokuznetsk"]
[Date "2008.12.06"]
[Round "6"]
[White "Shirjaev, Alexandr"]
[Black "Susliakov, Dmitriy"]
[Result "1/2-1/2"]
[WhiteElo "2324"]
[BlackElo "2225"]
[PlyCount "92"]
[EventDate "2008.11.22"]
[EventType "swiss"]
[EventRounds "9"]
[EventCountry "RUS"]
[SourceTitle "CBM 127 Extra"]
[Source "ChessBase"]
[SourceDate "2009.01.08"]
[SourceVersion "2"]
[SourceVersionDate "2009.01.28"]
[SourceQuality "1"]

1. e4 c5 2. Nf3 Nc6 3. d4 cxd4 4. Nxd4 Nf6 5. Nc3 d6 6. Bg5 e6 7. Qd2 h6 8. Bxf6 gxf6 9. 0-0-0 a6 10. f4 Qc7 11. Be2 h5 12. Rhf1 Bd7 13. Kb1 Be7 14. Rf3 Nxd4 15. Qxd4 Qc5 16. Qxc5 dxc5 17. Rh3 h4 18. g3 0-0-0 19. gxh4 b5 20. h5 Kc7 21. a3 Bd6 22. e5 fxe5 23. Ne4 Bc6 24. Nxd6 Rxd6 25. fxe5 Rxd1+ 26. Bxd1 Be4 27. Rg3 Rh7 28. Rg8 Kc6 29. Rd8 Rg7 30. Rd6+ Kc7 31. Kc1 Rg1 32. Kd2 Bd5 33. Rxa6 Bb7 34. Rd6 Rg5 35. h6 Rg2+ 36. Ke3 Rxh2 37. c4 bxc4 38. Ba4 Rxh6 39. Rd7+ Kb6 40. Rxf7 Rh5 41. Kd2 Rxe5 42. Bc2 Rg5 43. a4 Rg2+ 44. Kc3 Bd5 45. Re7 Rg3+ 46. Kd2 Rg2+ 1/2-1/2

[Event "Abaza op"]
[Site "Abaza"]
[Date "2008.07.20"]
[Round "7"]
[White "Chernov, Mikhail"]
[Black "Susliakov, Dmitriy"]
[Result "0-1"]
[WhiteElo "1950"]
[BlackElo "2217"]
[PlyCount "94"]
[EventDate "2008.07.20"]
[EventType "swiss"]
[EventRounds "9"]
[EventCountry "RUS"]
[SourceTitle "EXT 2022"]
[Source "ChessBase"]
[SourceDate "2021.10.06"]
[SourceVersion "1"]
[SourceVersionDate "2021.10.06"]
[SourceQuality "1"]

1. e4 c5 2. Nf3 Nc6 3. d4 cxd4 4. Nxd4 Nf6 5. Nc3 d6 6. Bc4 Qb6 7. Nb3 e6 8. Be3 Qc7 9. 0-0 a6 10. a4 Ne5 11. Be2 Nc4 12. Bxc4 Qxc4 13. Qd3 Qxd3 14. cxd3 Be7 15. f4 0-0 16. a5 Bd7 17. Nd2 Bc6 18. Nc4 Nd7 19. d4 d5 20. exd5 Bxd5 21. Nxd5 exd5 22. Ne5 Nf6 23. Nd3 Rfc8 24. Rac1 Ne4 25. Rfd1 f5 26. Nc5 Nd6 27. b3 Bd8 28. Bd2 b6 29. Nd7 bxa5 30. Rxc8 Rxc8 31. Ra1 Ne4 32. Rc1 Rxc1+ 33. Bxc1 a4 34. bxa4 Nc3 35. Kf2 Nxa4 36. Ke3 Bc7 37. Nc5 Nxc5 38. dxc5 Kf7 39. Kd4 Ke6 40. Bd2 Bd8 41. Bb4 Bf6+ 42. Kd3 Kd7 43. g3 Kc6 44. h3 h5 45. h4 g6 46. Ba3 a5 47. Ke3 Bc3 0-1

[Event "Abaza op"]
[Site "Abaza"]
[Date "2008.07.20"]
[Round "8"]
[White "Susliakov, Dmitriy"]
[Black "Kirillov, Pavel"]
[Result "1/2-1/2"]
[WhiteElo "2217"]
[BlackElo "2227"]
[PlyCount "95"]
[EventDate "2008.07.20"]
[EventType "swiss"]
[EventRounds "9"]
[EventCountry "RUS"]
[SourceTitle "EXT 2022"]
[Source "ChessBase"]
[SourceDate "2021.10.06"]
[SourceVersion "1"]
[SourceVersionDate "2021.10.06"]
[SourceQuality "1"]

1. c4 e5 2. Nc3 Nf6 3. g3 c6 4. d4 exd4 5. Qxd4 d5 6. Bg5 Be7 7. cxd5 cxd5 8. Nf3 Nc6 9. Qa4 0-0 10. Bg2 d4 11. Rd1 Qb6 12. Bxf6 Bxf6 13. Nd5 Qxb2 14. Nxf6+ gxf6 15. 0-0 Rd8 16. Rd2 Qb6 17. Rfd1 Bg4 18. Nxd4 Nxd4 19. Rxd4 Bxe2 20. Rxd8+ Rxd8 21. Rxd8+ Qxd8 22. Bxb7 Qd2 23. Kg2 Qe1 24. g4 Qf1+ 25. Kg3 Qg1+ 26. Bg2 Bf1 27. Qe4 Kg7 28. Qf3 a5 29. Kh3 a4 30. a3 Bxg2+ 31. Qxg2 Qd1 32. Qg3 Qb3 33. Qe3 Kg6 34. Kg3 f5 35. Kh4 h6 36. gxf5+ Kxf5 37. Qc5+ Kf4 38. Qd6+ Kf3 39. Qg3+ Ke2 40. Kh5 Qe6 41. f4 Kd2 42. Qf2+ Kc3 43. f5 Qf6 44. h4 Kb3 45. Qe3+ Kb2 46. Qd3 Ka2 47. Qf3 Kb2 48. Qd3 1/2-1/2

[Event "Abaza op"]
[Site "Abaza"]
[Date "2008.07.20"]
[Round "6"]
[White "Susliakov, Dmitriy"]
[Black "Shoev, Kirill"]
[Result "1/2-1/2"]
[WhiteElo "2217"]
[BlackElo "2216"]
[PlyCount "94"]
[EventDate "2008.07.20"]
[EventType "swiss"]
[EventRounds "9"]
[EventCountry "RUS"]
[SourceTitle "EXT 2022"]
[Source "ChessBase"]
[SourceDate "2021.10.06"]
[SourceVersion "1"]
[SourceVersionDate "2021.10.06"]
[SourceQuality "1"]

1. c4 c5 2. e4 e6 3. Nc3 d6 4. Nf3 Nf6 5. d4 cxd4 6. Nxd4 a6 7. Be3 Be7 8. Be2 0-0 9. 0-0 Qc7 10. Rc1 b6 11. Qd2 Bb7 12. f3 Nbd7 13. Rfd1 Rac8 14. Bf1 Qb8 15. Qf2 Rfe8 16. a4 Bd8 17. b4 Ne5 18. Qa2 d5 19. cxd5 Neg4 20. fxg4 Nxg4 21. d6 Qxd6 22. Nf3 Qxb4 23. Qd2 Be7 24. Kh1 Red8 25. Qe1 Rxd1 26. Nxd1 Rxc1 27. Qxb4 Bxb4 28. Bxc1 Bxe4 29. h3 Bc2 30. Nb2 Nf2+ 31. Kh2 Bd6+ 32. g3 Ba3 33. Bxa6 Nd1 34. Ne1 Bb3 35. Ned3 Bxb2 36. Bxb2 Bxa4 37. Bd4 Bb3 38. Ne1 f6 39. Be2 e5 40. Bxd1 Bxd1 41. Bxb6 Kf7 42. Kg2 Ke6 43. Kf2 Bb3 44. Ke3 Bd5 45. Bc5 Bc6 46. Nd3 Bb5 47. Nf2 Bc6 1/2-1/2

[Event "Abaza op"]
[Site "Abaza"]
[Date "2008.07.20"]
[Round "1"]
[White "Susliakov, Dmitriy"]
[Black "Sladkov, Alexander"]
[Result "1-0"]
[WhiteElo "2217"]
[BlackElo "1954"]
[PlyCount "111"]
[EventDate "2008.07.20"]
[EventType "swiss"]
[EventRounds "9"]
[EventCountry "RUS"]
[SourceTitle "EXT 2022"]
[Source "ChessBase"]
[SourceDate "2021.10.06"]
[SourceVersion "1"]
[SourceVersionDate "2021.10.06"]
[SourceQuality "1"]

1. e4 c5 2. c4 Nc6 3. Ne2 g6 4. d4 cxd4 5. Nxd4 Bg7 6. Be3 d6 7. Nc3 Nf6 8. Be2 0-0 9. 0-0 Bd7 10. Rc1 Rc8 11. f3 a6 12. Qd2 Ne5 13. b3 Ne8 14. Nd5 Bc6 15. Nxc6 bxc6 16. Nb6 Rb8 17. c5 Nd7 18. Nxd7 Qxd7 19. Bxa6 Nc7 20. Bc4 Nb5 21. cxd6 exd6 22. Rfd1 Rfd8 23. Bxb5 Rxb5 24. Qc2 c5 25. Qc4 Qb7 26. Qd5 Qxd5 27. Rxd5 Bf6 28. Rcd1 Rb6 29. Bxc5 dxc5 30. Rxd8+ Bxd8 31. Rxd8+ Kg7 32. Kf2 Kf6 33. Ke3 Ra6 34. a4 Rb6 35. Rd3 Ke6 36. f4 f5 37. e5 Rb8 38. Kd2 Rb4 39. g3 g5 40. Rd6+ Ke7 41. fxg5 Rxb3 42. Rh6 Rb8 43. Rxh7+ Ke6 44. Rc7 Kxe5 45. Rxc5+ Ke6 46. h4 Rf8 47. Ke3 Kd6 48. Rb5 Ra8 49. a5 Kc6 50. Rxf5 Kb7 51. g6 Ka6 52. h5 Rg8 53. Rc5 Re8+ 54. Kf4 Rf8+ 55. Kg4 Ka7 56. g7 1-0

[Event "Novokuznetsk-ch HL"]
[Site "Novokuznetsk"]
[Date "2008.05.10"]
[Round "9"]
[White "Pautov, Eduard"]
[Black "Susliakov, Dmitriy"]
[Result "1/2-1/2"]
[WhiteElo "2307"]
[BlackElo "2201"]
[PlyCount "138"]
[EventDate "2008.04.30"]
[EventType "tourn"]
[EventRounds "11"]
[EventCountry "RUS"]
[SourceTitle "EXT 2022"]
[Source "ChessBase"]
[SourceDate "2021.10.06"]
[SourceVersion "1"]
[SourceVersionDate "2021.10.06"]
[SourceQuality "1"]

1. c4 c5 2. Nc3 Nc6 3. Nf3 g6 4. e3 Bg7 5. d4 cxd4 6. exd4 d6 7. Be2 Nf6 8. d5 Nb8 9. 0-0 0-0 10. Re1 Nbd7 11. Bf1 Nc5 12. h3 e5 13. dxe6 Bxe6 14. Nd4 d5 15. Be3 Nce4 16. Nxe4 Nxe4 17. Be2 Qf6 18. Bf3 Rad8 19. Qa4 Nd2 20. Bxd5 Bxd5 21. cxd5 Rxd5 22. Rad1 b5 23. Nxb5 Qxb2 24. Nc7 Rd3 25. Ne8 Bd4 26. Bxd4 Qxd4 27. Qc2 f5 28. Qc6 Qd5 29. Qc2 Qd7 30. Kh1 Ne4 31. Qc4+ Kh8 32. Rxd3 Qxd3 33. Qe6 Qc3 34. Kh2 Nf6 35. Nd6 Qc7 36. Kg1 Qd7 37. Qxd7 Nxd7 38. Re7 Nc5 39. Rxa7 Rb8 40. Nf7+ Kg7 41. Ng5+ Kg8 42. Nxh7 Ne4 43. f3 Rb1+ 44. Kh2 Nd2 45. Kg3 Rb2 46. Kf4 Nc4 47. g4 fxg4 48. hxg4 Nd6 49. Kg5 Nf7+ 50. Kxg6 Ne5+ 51. Kf5 Nxf3 52. Nf6+ Kf8 53. a4 Rb4 54. a5 Rb5+ 55. Kf4 Nd4 56. Nd7+ Ke8 57. Nf6+ Kf8 58. Ne4 Ne6+ 59. Kg3 Nd4 60. g5 Nc6 61. Ra8+ Kg7 62. a6 Ra5 63. Kf4 Nb4 64. Ra7+ Kg6 65. Rb7 Nd5+ 66. Kg4 Rxa6 67. Rb5 Ra4 68. Kf3 Rxe4 69. Rxd5 Ra4 1/2-1/2

[Event "Novokuznetsk-ch HL"]
[Site "Novokuznetsk"]
[Date "2008.05.10"]
[Round "10"]
[White "Susliakov, Dmitriy"]
[Black "Epifantsev, Igor"]
[Result "1/2-1/2"]
[WhiteElo "2201"]
[BlackElo "2185"]
[PlyCount "54"]
[EventDate "2008.04.30"]
[EventType "tourn"]
[EventRounds "11"]
[EventCountry "RUS"]
[SourceTitle "EXT 2022"]
[Source "ChessBase"]
[SourceDate "2021.10.06"]
[SourceVersion "1"]
[SourceVersionDate "2021.10.06"]
[SourceQuality "1"]

1. e4 c5 2. Nf3 d6 3. d4 cxd4 4. Nxd4 Nf6 5. Nc3 Nc6 6. Bc4 e6 7. Bb3 a6 8. Be3 Qc7 9. Qe2 Na5 10. 0-0 Be7 11. f4 0-0 12. g4 Nxb3 13. axb3 e5 14. Nf5 Bxf5 15. gxf5 b5 16. fxe5 dxe5 17. Bg5 Rac8 18. Bxf6 Bxf6 19. Kh1 b4 20. Nd5 Qxc2 21. Qg4 Kh8 22. Rg1 Rg8 23. Rg2 Qxb3 24. Rag1 Rc6 25. Rg3 Qc4 26. Rh3 g6 27. b3 Qd4 1/2-1/2

[Event "Novokuznetsk-ch HL"]
[Site "Novokuznetsk"]
[Date "2008.05.09"]
[Round "8"]
[White "Susliakov, Dmitriy"]
[Black "Sitnikov, Dmitrij"]
[Result "0-1"]
[WhiteElo "2201"]
[BlackElo "2415"]
[PlyCount "118"]
[EventDate "2008.04.30"]
[EventType "tourn"]
[EventRounds "11"]
[EventCountry "RUS"]
[SourceTitle "EXT 2022"]
[Source "ChessBase"]
[SourceDate "2021.10.06"]
[SourceVersion "1"]
[SourceVersionDate "2021.10.06"]
[SourceQuality "1"]

1. e4 c5 2. Nf3 d6 3. d4 cxd4 4. Nxd4 Nf6 5. Nc3 Bd7 6. Bc4 e6 7. Bb3 Na6 8. 0-0 Nc5 9. Re1 Be7 10. Bg5 0-0 11. Qf3 h6 12. Bh4 Re8 13. Rad1 Qb6 14. Re3 Rac8 15. Qe2 a6 16. Kh1 Qa5 17. f4 Nxb3 18. axb3 Bc6 19. f5 Bd7 20. fxe6 fxe6 21. e5 Nd5 22. Nxd5 Bxh4 23. Nf3 exd5 24. Nxh4 dxe5 25. Rxe5 Rxe5 26. Qxe5 Re8 27. Qg3 Qc5 28. c3 Qb5 29. b4 Qe2 30. Rg1 Qxb2 31. Qd6 Bc6 32. Nf5 Qxc3 33. Qg6 Qf6 34. Nxh6+ Kf8 35. Qxf6+ gxf6 36. Rf1 d4 37. Kg1 Re2 38. Rxf6+ Kg7 39. Rd6 Rxg2+ 40. Kf1 Rg5 41. h4 Rh5 42. Ng4 d3 43. Nf2 Rxh4 44. Nxd3 Bb5 45. Ke1 Bxd3 46. Rd7+ Kf6 47. Rxb7 Bb5 48. Kd2 Ke5 49. Rg7 Kd4 50. Rg2 Bd3 51. Rf2 Kc4 52. Rg2 Rf4 53. Rh2 Rd4 54. Kc1 Kc3 55. Ra2 Kxb4 56. Kb2 Bc4 57. Ra1 Rd2+ 58. Kc1 Rh2 59. Rb1+ Kc3 0-1

[Event "Novokuznetsk-ch HL"]
[Site "Novokuznetsk"]
[Date "2008.05.03"]
[Round "6"]
[White "Susliakov, Dmitriy"]
[Black "Polyanskiy, Vladimir"]
[Result "1-0"]
[WhiteElo "2201"]
[BlackElo "2196"]
[PlyCount "85"]
[EventDate "2008.04.30"]
[EventType "tourn"]
[EventRounds "11"]
[EventCountry "RUS"]
[SourceTitle "EXT 2022"]
[Source "ChessBase"]
[SourceDate "2021.10.06"]
[SourceVersion "1"]
[SourceVersionDate "2021.10.06"]
[SourceQuality "1"]

1. e4 Nc6 2. Nc3 e5 3. Bc4 Bc5 4. Nge2 Nf6 5. 0-0 d6 6. d3 0-0 7. Bg5 h6 8. Bh4 g5 9. Bg3 Nh5 10. Nd5 Nf4 11. Ne3 Be6 12. Nc3 Ne7 13. Ng4 Kg7 14. Na4 Qd7 15. Nxc5 dxc5 16. Nxe5 Qd4 17. Bxf4 gxf4 18. Nf3 Qf6 19. Bxe6 fxe6 20. Qd2 Ng6 21. Qc3 e5 22. Qxc5 Rf7 23. d4 Re8 24. Rad1 b6 25. Qc3 c5 26. dxe5 Nxe5 27. Nxe5 Rxe5 28. f3 Kh7 29. Rd5 Rfe7 30. Rfd1 Rxd5 31. Rxd5 Qxc3 32. bxc3 Kg6 33. Kf2 h5 34. Rf5 Rd7 35. Ke2 c4 36. Rxf4 b5 37. e5 Re7 38. Rf6+ Kg5 39. f4+ Kg4 40. e6 h4 41. f5 Kf4 42. Rf7 Re8 43. e7 1-0

[Event "Sibiria Region-ch"]
[Site "Novokuznetsk"]
[Date "2008.03.20"]
[Round "8"]
[White "Sambursky, Vladimir"]
[Black "Susliakov, Dmitriy"]
[Result "0-1"]
[WhiteElo "2263"]
[BlackElo "2166"]
[PlyCount "108"]
[EventDate "2008.03.13"]
[EventType "swiss"]
[EventRounds "9"]
[EventCountry "RUS"]
[SourceTitle "CBM 123 Extra"]
[Source "ChessBase"]
[SourceDate "2008.05.06"]
[SourceVersion "1"]
[SourceVersionDate "2008.05.06"]
[SourceQuality "1"]

1. e4 c5 2. Nc3 Nc6 3. Nf3 d6 4. d4 cxd4 5. Nxd4 Nf6 6. Be2 e5 7. Nb3 Be7 8. 0-0 Be6 9. f4 exf4 10. Bxf4 0-0 11. Kh1 a6 12. Nd4 Nxd4 13. Qxd4 Qc7 14. e5 dxe5 15. Bxe5 Rfd8 16. Qe3 Bd6 17. Bxf6 gxf6 18. Bd3 Kg7 19. Qe4 Be5 20. Qh4 h6 21. Rae1 Rd4 22. Re4 Rad8 23. Qf2 f5 24. Re3 Bxh2 25. Ne2 Be5 26. Nxd4 Rxd4 27. Qe1 Bf4 28. Ref3 Bg5 29. Qc3 Qe5 30. Re1 Qd6 31. Kg1 Bf6 32. Qd2 Rh4 33. c3 Qh2+ 34. Kf2 Rg4 35. Rg1 Bd5 36. Be2 Bxf3 37. Bxf3 Bh4+ 38. Kf1 Rf4 39. Qe2 Qg3 40. Rh1 Ra4 41. a3 Ra5 42. Rh3 Qf4 43. Kg1 Re5 44. Rxh4 Qc1+ 45. Kf2 Rxe2+ 46. Kxe2 Qxb2+ 47. Kd3 Qb1+ 48. Kd2 b5 49. a4 Qa2+ 50. Kd3 bxa4 51. Rb4 a3 52. Rb6 Qf2 53. Rxa6 Qf1+ 54. Be2 Qb1+ 0-1

[Event "Sibiria Region-ch"]
[Site "Novokuznetsk"]
[Date "2008.03.17"]
[Round "5"]
[White "Susliakov, Dmitriy"]
[Black "Krivonos, Nikolay"]
[Result "1-0"]
[WhiteElo "2166"]
[BlackElo "2250"]
[PlyCount "63"]
[EventDate "2008.03.13"]
[EventType "swiss"]
[EventRounds "9"]
[EventCountry "RUS"]
[SourceTitle "CBM 123 Extra"]
[Source "ChessBase"]
[SourceDate "2008.05.06"]
[SourceVersion "1"]
[SourceVersionDate "2008.05.06"]
[SourceQuality "1"]

1. e4 c5 2. c4 Nc6 3. Nf3 g6 4. d4 cxd4 5. Nxd4 Bg7 6. Be3 d6 7. Be2 Nf6 8. Nc3 0-0 9. 0-0 Bd7 10. Rc1 a6 11. b3 Nxd4 12. Bxd4 b5 13. Qd2 Rb8 14. a3 Be6 15. f4 bxc4 16. f5 Bc8 17. Bxc4 Qa5 18. b4 Qxa3 19. Bxf6 Bxf6 20. Nd5 Qb2 21. Qh6 g5 22. Rc3 Bxf5 23. exf5 Bxc3 24. Nxe7+ Kh8 25. f6 Bxf6 26. Bd3 Bd4+ 27. Kh1 f5 28. Ng6+ Kg8 29. Bc4+ Rf7 30. Ne7+ Kh8 31. Bxf7 Bg7 32. Ng6# 1-0

[Event "Sibiria Region-ch"]
[Site "Novokuznetsk"]
[Date "2008.03.13"]
[Round "1"]
[White "Susliakov, Dmitriy"]
[Black "Nigametzianov, Mikhail"]
[Result "0-1"]
[WhiteElo "2166"]
[BlackElo "2373"]
[PlyCount "96"]
[EventDate "2008.03.13"]
[EventType "swiss"]
[EventRounds "9"]
[EventCountry "RUS"]
[SourceTitle "CBM 123 Extra"]
[Source "ChessBase"]
[SourceDate "2008.05.06"]
[SourceVersion "1"]
[SourceVersionDate "2008.05.06"]
[SourceQuality "1"]

1. e4 e5 2. Nf3 Nc6 3. Bc4 Be7 4. d4 d6 5. 0-0 Nf6 6. dxe5 Nxe5 7. Nxe5 dxe5 8. Qxd8+ Bxd8 9. f3 c6 10. Be3 Bb6 11. Bxb6 axb6 12. Nd2 Ke7 13. Bb3 b5 14. c4 Rd8 15. Rfd1 Be6 16. Rac1 b4 17. c5 Rd4 18. Bxe6 Kxe6 19. Nc4 Rxa2 20. Nd6 Rxb2 21. Nxb7 Rbd2 22. Rxd2 Rxd2 23. Rb1 Rd4 24. Kf2 Ne8 25. Ke3 Kd7 26. Na5 Nc7 27. f4 f6 28. fxe5 fxe5 29. Rf1 Ne6 30. Rf7+ Ke8 31. Rf5 Rd1 32. Rxe5 Kd7 33. Rf5 Ra1 34. Nc4 Rc1 35. Ne5+ Ke8 36. Nd3 Rc4 37. Re5 Kf7 38. Rh5 Kf6 39. Ne5 Rc3+ 40. Kd2 Nxc5 41. Ng4+ Ke6 42. Nf2 h6 43. Rh4 Nb3+ 44. Kd1 c5 45. Rh3 Rxh3 46. Nxh3 Ke5 47. Kc2 c4 48. Nf2 Nc5 0-1

[Event "Novokuznetsk-ch op"]
[Site "Novokuznetsk"]
[Date "2007.11.24"]
[Round "6"]
[White "Susliakov, Dmitriy"]
[Black "Cheremnova, Tamara"]
[Result "1-0"]
[WhiteElo "2073"]
[BlackElo "2177"]
[PlyCount "63"]
[EventDate "2007.11.24"]
[EventType "swiss"]
[EventRounds "9"]
[EventCountry "RUS"]
[SourceTitle "EXT 2022"]
[Source "ChessBase"]
[SourceDate "2021.10.06"]
[SourceVersion "1"]
[SourceVersionDate "2021.10.06"]
[SourceQuality "1"]

1. c4 Nf6 2. Nc3 e6 3. Nf3 d5 4. e3 Be7 5. b3 0-0 6. Bb2 c5 7. cxd5 exd5 8. d4 b6 9. Bd3 Bb7 10. 0-0 Nbd7 11. Ne2 Re8 12. Rc1 Rc8 13. Ng3 Bf8 14. Ne5 Nxe5 15. dxe5 Nd7 16. f4 g6 17. Qg4 Bg7 18. e6 Nf6 19. Bxf6 Qxf6 20. exf7+ Qxf7 21. f5 Qd7 22. Qh4 Rxe3 23. fxg6 Bd4 24. Kh1 hxg6 25. Bxg6 Qg7 26. Bf7+ Qxf7 27. Rxf7 Kxf7 28. Qh7+ Ke6 29. Nf5 Bc6 30. Rf1 Re8 31. Qg6+ Kd7 32. Qd6+ 1-0

[Event "Novokuznetsk-ch op"]
[Site "Novokuznetsk"]
[Date "2007.11.24"]
[Round "2"]
[White "Susliakov, Dmitriy"]
[Black "Storchak, Vitalij"]
[Result "0-1"]
[WhiteElo "2073"]
[BlackElo "2187"]
[PlyCount "142"]
[EventDate "2007.11.24"]
[EventType "swiss"]
[EventRounds "9"]
[EventCountry "RUS"]
[SourceTitle "EXT 2022"]
[Source "ChessBase"]
[SourceDate "2021.10.06"]
[SourceVersion "1"]
[SourceVersionDate "2021.10.06"]
[SourceQuality "1"]

1. e4 d6 2. d4 Nf6 3. Nc3 c6 4. Bg5 Nbd7 5. Be2 Qa5 6. Qd2 b5 7. f3 a6 8. Rd1 e5 9. dxe5 dxe5 10. Nh3 Be7 11. a3 Nf8 12. Nf2 Ne6 13. 0-0 0-0 14. Nd5 Qd8 15. Nxe7+ Qxe7 16. Be3 c5 17. c3 c4 18. Qd6 Qxd6 19. Rxd6 Rd8 20. Rxd8+ Nxd8 21. Bc5 Be6 22. Rd1 Nd7 23. Be3 Nb7 24. g3 Ndc5 25. f4 f6 26. fxe5 fxe5 27. Ng4 Nd7 28. Bf2 h5 29. Ne3 Nf6 30. Nd5 Bxd5 31. exd5 Rd8 32. Bf3 Nd6 33. Bg2 Nf5 34. Bb6 Rd7 35. d6 Rxd6 36. Rxd6 Nxd6 37. Bc7 Nfe8 38. Bb8 Kf7 39. h3 Ke6 40. Kf2 g5 41. Bf3 Nf6 42. Bc6 Nfe4+ 43. Kf3 Nc5 44. h4 gxh4 45. gxh4 Nf5 46. Ba7 Nxh4+ 47. Ke2 Kd6 48. Be8 Nf5 49. Bg6 Ng7 50. Bf7 Na4 51. Bb8+ Ke7 52. Bd5 Kf6 53. Bd6 Nxb2 54. Bb7 Ne8 55. Bb8 Na4 56. Kd2 Nc5 57. Bc6 Ng7 58. Bd6 Nge6 59. Ke3 Kf5 60. Bg2 Nf4 61. Bf3 Na4 62. Bb4 h4 63. Bb7 h3 64. Bxa6 Nd5+ 65. Kf2 Nxb4 66. cxb4 Nc3 67. Kg3 Ke4 68. Kxh3 Kd3 69. Kg2 e4 70. Kf1 Kd2 71. a4 e3 0-1